000 00351 a2200157 4500
001 150653
040 _cEscola São Tomás de Aquino
100 _aGUEDES, Hardy
240 1 0 _aO véu de renda sem fim
_lpor
245 1 0 _aO véu de renda sem fim
300 _a24
362 0 _a1997
440 1 _aHGF
697 _aARTES E RECREAÇÃO
942 _cBK
999 _c150653
_d150653